1353 1545 1016 1159 1482 1508 1984 1951 1158 1319 1289 1827 1081 1646 1437 1153 1021 1182 1819 1235 1549 1383 1116 1710 1213 1709 1071 1833 1742 1530 1371 1969 1381 1430 1491 1501 1409 1573 1216 1801 1311 1933 1044 1535 1243 1965 1748 1007 1083 1329 1103 1615 1715 1037 1471 1361 1347 1165 1059 1177 1765 1919 1074 1642 1364 1733 1802 1980 1536 1447 1855 1789 1103 1593 1654 1466 1913 1931 1310 1145 1543 1140 1225 1861 1136 1768 1117 1193 1511 1383 1557 1584 1232 1457 1087 1216 1479 1975 1477 BCNSPRNW ULIB Ver.6.0+V

เปลี่ยนเป็นภาษาไทย

Change to English
 แสดงรายละเอียดบรรณานุกรม
  กลับหน้าหลัก

Brief Record : Get Marc (ISO 2709) : E-mail record : QR code < ปิดหน้าต่าง
LEADER : 00000nam 2200000uu 4500
001    13399111775
003     ULIB
008    110627s2551||||th 000 0 tha d
020    9789741091379
090    นว.^bB111พ 2551
100 0  Baiboau
245 00 เพลิงแค้นซานตาน = Kiss from satan/^cBaiboau
250    พิมพ์ครั้งที่ 1
260    กรุงเทพฯ :^bปริ๊นเซส,^c2551
300    339 หน้า
945    ^p200^l0^i024468
995    ทศพร
999 ^a ใช้งานได้ทุกระบบ
รายการนี้ยังไม่มีแท็ก
คุณยังไม่ได้ล็อกอิน คุณสามารถมีกิจกรรมร่วมกับเว็บไซต์ได้ แต่ต้องล็อกอินก่อน ::
  ล็อกอิน

รายการสื่อสารสนเทศ

ลำดับที่ ประเภท เลขเรียก/บาร์โค้ด สถานที่ สถานะ
- ไม่พบข้อมูล -

รายการใกล้เคียง
    ผู้แต่ง [Baiboau]

BibComment


ยังไม่เคยถูกคอมเมนท์

คอมเมนท์ทรัพยากรรายการนี้
  คอมเมนท์: เพลิงแค้นซานตาน ..


 Copyright 2026. Bcnsprnw @Library